00501aas a2200145 4500008004100000245008200041260004800123300001300171650001400184650002600198650002500224942000700249952008400256999001500340240229b |||||||| |||| 00| 0 eng d aJournal : Institute of Muslim minority affairs-Vol. III, no. 2 (Winter 1981)  aJeddah : bKing Abdulaziz University,c1981 b1-316 p. aMuslims  aNon-Islamic countries aReligious minorities cCR 00102ddc4070aMAINbMAINd2024-02-29l0pRAF5148r2024-02-29w2024-02-29yCR c4835d4835